Основы метрологии, точность и надежность в приборостроении: учебное пособие

Λεπτομέρειες βιβλιογραφικής εγγραφής
Κύριος συγγραφέας: Рудзит Я. А. Ян Андреевич
Άλλοι συγγραφείς: Плуталов В. Н. Виктор Никифорович
Γλώσσα:Ρωσικά
Έκδοση: Москва, Машиностроение, 1991
Θέματα:
Μορφή: Βιβλίο
KOHA link:https://koha.lib.tpu.ru/cgi-bin/koha/opac-detail.pl?biblionumber=35486

MARC

LEADER 00000nam0a2200000 4500
001 35486
005 20231030233856.0
010 |a 5217012633 
035 |a (RuTPU)RU\TPU\book\35918 
035 |a BOOK00002570 
090 |a 35486 
100 |a 20011210d1991 m y0rusy50 ca 
101 0 |a rus 
102 |a RU 
105 |a y j 000zy 
200 1 |a Основы метрологии, точность и надежность в приборостроении  |e учебное пособие  |f Я. А. Рудзит, В. Н. Плуталов 
210 |a Москва  |c Машиностроение  |d 1991 
215 |a 304 с. 
610 1 |a приборостроение 
610 1 |a метрология 
610 1 |a точность 
610 1 |a надежность 
610 1 |a понятия 
610 1 |a термины 
610 1 |a физические величины 
610 1 |a погрешности измерений 
610 1 |a результаты 
610 1 |a обработка 
610 1 |a учебные пособия 
675 |a 681.2(075.8)  |v 3 
700 1 |a Рудзит  |b Я. А.  |g Ян Андреевич 
701 1 |a Плуталов  |b В. Н.  |g Виктор Никифорович 
801 0 |a RU  |b 63413507  |c 20011210  |g PSBO 
801 2 |a RU  |b 63413507  |c 20201109  |g PSBO 
900 |a Основы обеспечения гарантии качества 
942 |c BK